| 000 | 00601nam a2200169 i 4500 | ||
|---|---|---|---|
| 001 | 39150 | ||
| 003 | ES-MaACL | ||
| 005 | 20230906155911.0 | ||
| 007 | t| | ||
| 008 | 030227s1885 sp ||||1| spa d | ||
| 100 | 1 |
_aCampelo y Allueva, Juan. _934164 |
|
| 245 | 1 | 0 |
_aDiscurso leído en la Universidad Literaria de Sevilla en la solemne apertura del curso académico de 1885 á 1886 / _cpor Juan Campelo y Allueva. |
| 260 |
_aSevilla : _b[s.n.], _c1885 ( _fTip. de Luis Marta-García) |
||
| 300 |
_a34 p. ; _c24 cm. |
||
| 710 | 0 |
_aUniversidad Literaria de Sevilla. _97391 |
|
| 852 |
_aES-MaACL _jT-439-F-3 |
||
| 999 |
_c39150 _d39150 |
||